<?xml version="1.0" encoding="UTF-8"?>
<collection xmlns="http://www.loc.gov/MARC21/slim">
 <record>
  <leader>01282nam a22002177a 4500</leader>
  <controlfield tag="001">NCT_4_028097</controlfield>
  <controlfield tag="008">251031b        xxu||||| |||| 00| 0 vie d</controlfield>
  <datafield tag="999" ind1=" " ind2=" ">
   <subfield code="c">9403</subfield>
   <subfield code="d">9403</subfield>
  </datafield>
  <datafield tag="020" ind1=" " ind2=" ">
   <subfield code="a">9789814271660</subfield>
   <subfield code="c">$187</subfield>
  </datafield>
  <datafield tag="082" ind1="0" ind2="4">
   <subfield code="2">23rd ed.</subfield>
   <subfield code="a">003.54</subfield>
   <subfield code="b">D666</subfield>
  </datafield>
  <datafield tag="100" ind1="1" ind2=" ">
   <subfield code="a">Dömösi, Pál</subfield>
  </datafield>
  <datafield tag="245" ind1="1" ind2="0">
   <subfield code="a">Context-free languages and primitive words</subfield>
   <subfield code="c">Pál Dömösi, Masami Ito</subfield>
  </datafield>
  <datafield tag="260" ind1="1" ind2=" ">
   <subfield code="a">Singapore</subfield>
   <subfield code="b">World Scientific Publishing Company</subfield>
   <subfield code="c">2015</subfield>
  </datafield>
  <datafield tag="300" ind1=" " ind2=" ">
   <subfield code="a">xii, 506 p.</subfield>
   <subfield code="c">24 cm</subfield>
  </datafield>
  <datafield tag="504" ind1=" " ind2=" ">
   <subfield code="a">Includes bibliographical references and index</subfield>
  </datafield>
  <datafield tag="520" ind1="3" ind2=" ">
   <subfield code="a">This book explores the properties of primitive words-those that cannot be expressed as powers of other words-over a non-trivial alphabet. It examines the still-open conjecture that the set of all primitive words is not context-free. The authors also discuss decidable and undecidable problems related to these languages. Additionally, the book investigates possible non-phrase structure grammars capable of generating the set of primitive words.</subfield>
  </datafield>
  <datafield tag="653" ind1=" " ind2=" ">
   <subfield code="a">Công nghệ thông tin</subfield>
  </datafield>
  <datafield tag="700" ind1="1" ind2=" ">
   <subfield code="a">Itō, Masami</subfield>
  </datafield>
  <datafield tag="942" ind1=" " ind2=" ">
   <subfield code="2">ddc</subfield>
   <subfield code="c">BK</subfield>
  </datafield>
  <datafield tag="952" ind1=" " ind2=" ">
   <subfield code="0">0</subfield>
   <subfield code="1">0</subfield>
   <subfield code="2">ddc</subfield>
   <subfield code="4">0</subfield>
   <subfield code="6">003_540000000000000_D666</subfield>
   <subfield code="7">0</subfield>
   <subfield code="9">31539</subfield>
   <subfield code="a">000001</subfield>
   <subfield code="b">000001</subfield>
   <subfield code="d">2025-10-31</subfield>
   <subfield code="o">003.54 D666</subfield>
   <subfield code="p">MD.24542</subfield>
   <subfield code="r">2025-10-31</subfield>
   <subfield code="v">187.00</subfield>
   <subfield code="w">2025-10-31</subfield>
   <subfield code="y">BK</subfield>
  </datafield>
  <datafield tag="980" ind1=" " ind2=" ">
   <subfield code="a">Thư viện Trường Đại học Nam Cần Thơ</subfield>
  </datafield>
 </record>
</collection>
